European Union and India: (Record no. 34836)

MARC details
000 -LEADER
fixed length control field 01228nam a22003017a 4500
005 - DATE AND TIME OF LATEST TRANSACTION
control field 20100323103648.0
008 - FIXED-LENGTH DATA ELEMENTS--GENERAL INFORMATION
fixed length control field 100323t xxu||||| |||| 00| 0 eng d
010 ## - LCCN (DPL NO)
LC control number ENG-95922
020 ## - INTERNATIONAL STANDARD BOOK NUMBER
International Standard Book Number 9788184840247
Terms of availability 650.00
020 ## - INTERNATIONAL STANDARD BOOK NUMBER
International Standard Book Number 9788184840124
Terms of availability 650.00
035 ## - SYSTEM CONTROL NUMBER
System control number EN-79455
037 ## - SOURCE OF ACQUISITION
Source of stock number/acquisition DBAD/PUB
040 ## - CATALOGING SOURCE
Original cataloging agency DPL
082 ## - DEWEY DECIMAL CLASSIFICATION NUMBER
Classification number 333.790953
100 ## - MAIN ENTRY--PERSONAL NAME
Personal name Ghoble, Vrushal
245 ## - TITLE STATEMENT
Title European Union and India:
Statement of responsibility, etc by Vrushal Ghoble
Remainder of title Contesting for gulf energy/
260 ## - PUBLICATION, DISTRIBUTION, ETC. (IMPRINT)
Place of publication, distribution, etc New Delhi
Name of publisher, distributor, etc Regal Publications
Date of publication, distribution, etc 2009
270 ## - ADDRESS
Address F-159, Rajouri Garden
City New Delhi
Postal code 110027
300 ## - PHYSICAL DESCRIPTION
Extent xviii, 191p. :
Dimensions 24 cm. (Hb)
500 ## - GENERAL NOTE
General note Includes index
650 ## - SUBJECT ADDED ENTRY--TOPICAL TERM
Topical term or geographic name as entry element Energy industry
Geographic subdivision Persion Gulf Region
650 ## - SUBJECT ADDED ENTRY--TOPICAL TERM
Topical term or geographic name as entry element Energy policy
Geographic subdivision Persion Gulf Region
650 ## - SUBJECT ADDED ENTRY--TOPICAL TERM
Topical term or geographic name as entry element Energy policy
Geographic subdivision European Union Countries
651 ## - SUBJECT ADDED ENTRY--GEOGRAPHIC NAME
Geographic name European Union Countries
General subdivision Foreign economics relations
Geographic subdivision Persian Gulf Region
651 ## - SUBJECT ADDED ENTRY--GEOGRAPHIC NAME
Geographic name Persian Gulf Region
General subdivision Foreign economics relations
Geographic subdivision European Union Countries
942 ## - ADDED ENTRY ELEMENTS (KOHA)
Source of classification or shelving scheme Dewey Decimal Classification
Item type English Books
Call number suffix GHO
Classification part 333.790953
Holdings
Withdrawn status Lost status Source of classification or shelving scheme Materials specified (bound volume or other part) Damaged status Not for loan Collection code Home library Current library Date acquired Source of acquisition Cost, normal purchase price Total Checkouts Full call number Barcode Date last seen Copy number Cost, replacement price Koha item type
    Dewey Decimal Classification Hb   Not For Loan Non-fiction D.B.Act.Division D.B.Act.Division 22/02/2010 DBAD/PUB 650.00   333.790953 GHO EN-79455 23/03/2010 1 650.00 English Books

© Delhi Public Library
Hit Counter
free hit counter